00448nam a2200133Ia 4500008004100000020001500041050002100056100002500077245007300102260005900175300001800234650002500252650003700277120626s9999 xx 000 0 und d a9686255849 aN6557 bP37 1993 aParra, Carmeneautor aAcercamiento al misterio. bLa Catedral de México c/ Carmen Parra aMéxico b: Secretaría de desarrollo socialc, 2006 a239 páginas 0aCATEDRAL DE MÉXICO 0aARTE BARROCOzCIUDAD DE MÉXICO